Statistiques concernant Football par lettre - B

Cliquez ici pour prendre le quiz!

Statistiques générales

  • Ce quiz a été pris 311 fois
  • Le résultat moyen est 9 sur 15

Statistiques - réponses

IndiceRéponse% Correct
Club 35 fois champion d'Argentine et 6 fois vainqueur de la Copa LibertadoresBoca Juniors
83%
Nationalité de l'ancien entraîneur de l'Olympique de Marseille Eric GeretsBelge
79%
Ville où évolue le club anglais d'Aston VillaBirmingham
78%
Unique buteur de la finale de la Ligue des Champions entre l'OM et le Milan AC en 1993Basile Boli
77%
Joueur le plus capé de la sélection italienneGianluigi Buffon
77%
Club où la légende Eusebio a inscrit 473 buts en 440 matchsBenfica
73%
En grand nombre durant les carrières de Yoann Gourcuff et d'Abou DiabyBlessures
72%
Joueur nord-irlandais vainqueur du ballon d'or en 1968George Best
72%
Attaquant bulgare ayant fait les beaux jours de Manchester United entre 2008 et 2012Dimitar Berbatov
69%
Sponsor et nom de la Liga espagnole de 2008 à 2016BBVA
61%
Ville dans laquelle Maradona et ses coéquipiers deviennent champions du monde en 1978Buenos Aires
48%
Ancien joueur d'Arsenal ayant la particularité d'avoir la phobie de l'avionDennis Bergkamp
42%
Club par lequel est passé le paraguayen Roque Santa CruzBayern Munich / Betis Seville / Blackburn
36%
Stade dans lequel évolue le club allemand de MönchengladbachBorussia Park
23%
Attaquant recruté pour 46 millions d'euros par Liverpool à Aston Villa en juillet 2015Christian Benteke
21%

Distribution des résultats

Percentile par nombre de réponses

% des personnes avec chaque résultat

Votre développement - résultats

Vous n’avez pas pris ce quiz